Logique - Mort Subite #8 - Statistiques

Statistiques générales
  • Ce quiz a été pris 272 fois
  • Le résultat moyen est 6 sur 24
Answers on the Grid
Answers color-coded by a green-red scale on the quiz's grid according to % correct below.
Maurice
Georges
Albert
Richard
François
Jeanne
André
Emmanuel
Jacques
Jean
Pierre
Louis-Napoléon
Roger
Gaston
Alain
Loïc
Paul
Charles
Bernard
Alexandre
Norbert
Félix
Bertrand
Nicolas
Armand
William
Vincent
Bernard
Valery
René
Henry
Jules
Robert
Christophe
Sadi
Thierry
Patrice
Adolphe
Serge
Marc
Didier
Emile
Raymond
Frédéric
 
Statistiques - réponses
Réponse % Correct
Louis-Napoléon
48%
François
42%
Emmanuel
41%
Georges
36%
Charles
33%
Valery
31%
Jacques
26%
Félix
25%
René
25%
Nicolas
24%
Adolphe
23%
Sadi
23%
Jules
21%
Albert
19%
Gaston
19%
Raymond
18%
Alexandre
17%
Emile
17%
Paul
15%
Alain
14%
Vincent
14%
Jean
13%
Armand
12%
Patrice
8%
Aucun quiz correspondant
Distribution des résultats
% des personnes avec chaque résultat
Percentile par nombre de réponses
Votre historique - résultats
Vous n’avez pas pris ce quiz